Groups of 7 - Statistics

General Stats
  • This quiz has been taken 111 times
  • The average score is 30 of 49
Answer Stats
Hint Answer % Correct
7 Countries starting with the letter U UK
96%
7 Colors of the Rainbow Blue
95%
7 Colors of the Rainbow Green
95%
7 Colors of the Rainbow Red
95%
7 Colors of the Rainbow Yellow
95%
7 Colors of the Rainbow Orange
92%
7 Countries starting with the letter U Uruguay
92%
7 Countries starting with the letter U US
92%
7 Wonders of the Ancient World Great Pyramid of Giza
91%
7 Countries in the first installment of Eurovision France
90%
7 Countries in the first installment of Eurovision Germany
88%
7 Countries starting with the letter U Uganda
88%
7 Countries in the first installment of Eurovision Italy
86%
7 Colors of the Rainbow Violet
86%
7 Countries starting with the letter U Uzbekistan
83%
7 Stages of Grief Acceptance
82%
7 Countries starting with the letter U UAE
82%
7 Wonders of the Ancient World Hanging Gardens of Babylon
78%
7 Colors of the Rainbow Indigo
78%
7 Countries in the first installment of Eurovision Belgium
77%
7 Countries in the first installment of Eurovision Netherlands
76%
7 Stages of Grief Anger
75%
7 Stages of Grief Denial
75%
7 Countries in the first installment of Eurovision Switzerland
74%
7 Countries starting with the letter U Ukraine
74%
7 Wonders of the Ancient World Colossus of Rhodes
69%
7 Countries in the first installment of Eurovision Luxembourg
68%
7 Wonders of the Modern World Great Wall of China
65%
7 Wonders of the Ancient World Lighthouse of Alexandria
63%
7 Wonders of the Modern World Machu Picchu
53%
7 Wonders of the Ancient World Statue of Zeus at Olympia
52%
7 Stages of Grief Bargaining
51%
7 Stages of Grief Depression
50%
7 Wonders of the Modern World Taj Mahal
48%
7 Wonders of the Modern World Colosseum
46%
7 Wonders of the Ancient World Temple of Artemis at Ephesus
43%
7 Wonders of the Modern World Christ the Redeemer
35%
7 Wonders of the Modern World Petra
31%
7 Wonders of the Ancient World Mausoleum at Halicarnassus
30%
7 Kings of Rome Romulus
30%
7 Stages of Grief Shock
29%
7 Wonders of the Modern World Chichen Itza
25%
7 Kings of Rome Lucius Tarquinius Priscus
14%
7 Kings of Rome Lucius Tarquinius Superbus
12%
7 Stages of Grief Testing
8%
7 Kings of Rome Ancus Marcius
7%
7 Kings of Rome Numa Pompilius
5%
7 Kings of Rome Servius Tullius
4%
7 Kings of Rome Tullus Hostilius
4%
No matching quizzes found
Score Distribution
Percent of People with Each Score
Percentile by Number Answered
Your Score History
You have not taken this quiz